000 00670nam a2200217 a 4500
001 000032196
005 20240530073920.0
008 110713s2003 dr r 000 f spa d
020 _a0974045810
040 _aDO-SdBNP
_bspa
_cBNPHU
082 _aRD863.44
_bM534s
100 1 _aMena, Marta
_958274
245 1 0 _aSe llamaba Arturo /
_cMarta Mena.
246 0 4 _bnovela corta
260 _aSanto Domingo :
_b[s.n.],
_c2003.
590 _aPerteneció a la biblioteca personal de Juan Isidro Jimenes Grullón
590 _aInventariado, 2020/BT
650 0 _aNovela dominicana
_9223
650 0 _aLiteratura dominicana.
_967
910 _aValidado. Control de calidad MFF
999 _c31687
_d31687